| 000 | 00772nam a2200253Ia 4500 | ||
|---|---|---|---|
| 003 | OSt | ||
| 005 | 20220925205034.0 | ||
| 006 | a|||||r|||| 00| 0 | ||
| 007 | ta | ||
| 008 | 220923b |||||||| |||| 00| 0 eng d | ||
| 020 | _a0333674812 | ||
| 037 | _cGeneral Book | ||
| 040 |
_aRTL _cRTL _beng |
||
| 041 |
_2eng _aeng |
||
| 082 | _aU:(G:55)b4, P4 | ||
| 100 |
_aWinnett Adrian Ed. _9269514 |
||
| 245 | 0 |
_aTowards an environment research agenda _b A third se |
|
| 260 |
_aHampshire _bPalgrave Macmillan _c2004 |
||
| 300 |
_axv,308p _ccm. |
||
| 490 | _aInterntaional Centre for the Environment: Selected paper.3 | ||
| 500 | _aBibliography chapterwise | ||
| 942 |
_hU:(G:55)b4, P4 _cGB _2CC |
||
| 999 |
_c551057 _d551057 |
||